DLR Train Stations (Any Order) - Statistics

General Stats
  • This quiz has been taken 66 times
  • The average score is 35 of 45
Answer Stats
Answer % Correct
Bank
94%
Canary Wharf
94%
Limehouse
94%
Beckton
91%
Lewisham
91%
Shadwell
91%
Poplar
88%
Canning Town
85%
Greenwich
85%
West India Quay
85%
Custom House
82%
Cyprus
82%
Deptford Bridge
82%
Mudchute
82%
Pudding Mill Lane
82%
Stratford
82%
Crossharbour
79%
Cutty Sark
79%
Heron Quays
79%
London City Airport
79%
Tower Gateway
79%
Westferry
79%
West Ham
79%
East India
76%
Elverson Road
76%
Island Gardens
76%
King George V
76%
South Quay
76%
Star Lane
76%
Abbey Road
74%
Beckton Park
74%
Royal Albert
74%
Royal Victoria
74%
Woolwich Arsenal
74%
Gallions Reach
71%
Stratford International
71%
All Saints
68%
Devons Road
68%
Langdon Park
68%
Stratford High Street
68%
Pontoon Dock
65%
Prince Regent
65%
West Silvertown
65%
Blackwall
62%
Bow Church
56%
No matching quizzes found
Score Distribution
Percent of People with Each Score
Percentile by Number Answered
Your Score History
You have not taken this quiz